<?xml version="1.0" encoding="UTF-8"?>
<collection xmlns="http://www.loc.gov/MARC21/slim">
  <record>
    <leader>00000nam  2200000   4500</leader>
    <controlfield tag="001">INLIS000000000017592</controlfield>
    <controlfield tag="005">20240813034418</controlfield>
    <datafield tag="035" ind1="#" ind2="#">
      <subfield code="a">0010-0824000213</subfield>
    </datafield>
    <controlfield tag="007">ta</controlfield>
    <controlfield tag="008">240813################g##########0#ind##</controlfield>
    <datafield tag="020" ind1="#" ind2="#">
      <subfield code="a">978-623-04-1067-3</subfield>
    </datafield>
    <datafield tag="082" ind1="#" ind2="#">
      <subfield code="a">303.34</subfield>
    </datafield>
    <datafield tag="084" ind1="#" ind2="#">
      <subfield code="a">303.34 MAX t</subfield>
    </datafield>
    <datafield tag="100" ind1=" " ind2="#">
      <subfield code="a">Maxwell, John C.</subfield>
    </datafield>
    <datafield tag="245" ind1="1" ind2="#">
      <subfield code="a">The Self Aware Leader /</subfield>
      <subfield code="c">John C. Maxwell</subfield>
    </datafield>
    <datafield tag="260" ind1="#" ind2="#">
      <subfield code="a">Jakarta :</subfield>
      <subfield code="b">Bhuana Ilmu Populer,</subfield>
      <subfield code="c">2023</subfield>
    </datafield>
    <datafield tag="300" ind1="#" ind2="#">
      <subfield code="a">vii, 162 hal. ;</subfield>
      <subfield code="c">30 cm</subfield>
    </datafield>
    <datafield tag="650" ind1="#" ind2="4">
      <subfield code="a">Kepemimpinan</subfield>
    </datafield>
    <datafield tag="520" ind1="#" ind2="#">
      <subfield code="a">Banyak pemimpin merasa dirinya yang terbaik dan tidak pernah melakukan kesalahan. Mereka berpuas diri dalam ilusi diri yang sempurna. Padahal. pemimpin yang mengenali dirinya dengan baik (self-aware leader) akan lebih memahami kekuatan dan kelemahannya, sehingga mampu memimpin tim dalam meraih hal-hal luar biasa. Dalam buku ini penulis akan membagikan beberapa kunci untuk menjadi self aware leader : &#13;
1. Memiliki konsistensi dalam nilai dan prinsip&#13;
2. Bersikap terbuka dan transparan&#13;
3. Kesediaan untuk melihat kelemahan diri&#13;
4. Memahami nilai dan apa yang penting untuk anda</subfield>
    </datafield>
    <datafield tag="856" ind1="#" ind2="#">
      <subfield code="a">Perpustakaan LAN Pusat</subfield>
    </datafield>
    <datafield tag="990" ind1="#" ind2="#">
      <subfield code="a">240819864</subfield>
    </datafield>
  </record>
</collection>
